000 00606nam a2200205Ia 4500
999 _c7815
_d7815
003 OSt
005 20200116094851.0
008 190216s9999||||xx |||||||||||||| ||und||
020 _a9780071078405
020 _a0071078401
040 _coclc
082 _a658.15
_bCHA/F
100 _a Chandra, Prasanna
_91069
245 0 _aFinancial Management : Theory And Practice /
_cPrasanna Chandra
250 _a8th ed.
260 _bTata Mcgrawhill Publishers,
_c2011.
_aNew Delhi:
300 _a1062p
650 _aFinancial Management
942 _cBK
_2ddc
_h658.15
_iCHA/F
_k658.15
_mCHA/F